Kiratarjuniyam/ (Record no. 181969)

000 -LEADER
fixed length control field 00498nam a2200181 4500
020 ## - INTERNATIONAL STANDARD BOOK NUMBER
ISBN 9789395733762
082 ## - DEWEY DECIMAL CLASSIFICATION NUMBER
Classification number M103 2(ITr.)
Item number BHA/K
100 ## - MAIN ENTRY--AUTHOR NAME
Personal name Bharavi
245 ## - TITLE STATEMENT
Title Kiratarjuniyam/
Statement of responsibility, etc by Bharavi
260 ## - PUBLICATION, DISTRIBUTION, ETC. (IMPRINT)
Place of publication Kottayam:
Name of publisher Sahitya Pravarthaka Co-operative Society,
Year of publication 2023.
300 ## - PHYSICAL DESCRIPTION
Number of Pages 375p.
650 ## - SUBJECT ADDED ENTRY--TOPICAL TERM
Topical Term Translation Sanskrit Epic Poetry
650 ## - SUBJECT ADDED ENTRY--TOPICAL TERM
Topical Term Epic Poetry Malayalam
650 ## - SUBJECT ADDED ENTRY--TOPICAL TERM
Topical Term Literature Malayalam
650 ## - SUBJECT ADDED ENTRY--TOPICAL TERM
Topical Term Literature
700 ## - ADDED ENTRY--PERSONAL NAME
Personal name Kesavan Veluthat (tr.)
942 ## - ADDED ENTRY ELEMENTS (KOHA)
Koha item type Book
Holdings
Withdrawn status Lost status Damaged status Not for loan Permanent Location Current Location Shelving location Date acquired Cost, normal purchase price Full call number Accession Number Price effective from Koha item type
        Sree Sankaracharya University of Sanskrit Sree Sankaracharya University of Sanskrit Stacks 03.06.2026 599.00 M103 2 (ITr.) BHA/K 109117 03.06.2026 Book